00243nam a2200109 4500020001800000082001200018100001400030245003200044260002900076300001100105650001700116 a9788121925594 a576 DUB aDubey,R.C aA Textbook of Microbiology aNew DelhibS.Chandc1999 a1034 p amicrobiology